Ke arah mewujudkan perkhidmatan awam yang cemerlang : (Record no. 2064)
[ view plain ]
| 000 -LEADER | |
|---|---|
| fixed length control field | nam a22 a 4500 |
| 003 - CONTROL NUMBER IDENTIFIER | |
| control field | AKMAL |
| 005 - DATE AND TIME OF LATEST TRANSACTION | |
| control field | 20170515104941.0 |
| 008 - FIXED-LENGTH DATA ELEMENTS--GENERAL INFORMATION | |
| fixed length control field | 170515s1989 my f00 may d |
| 040 ## - CATALOGING SOURCE | |
| Original cataloging agency | AKMAL |
| 082 04 - DEWEY DECIMAL CLASSIFICATION NUMBER | |
| Classification number | 354.595 KEA |
| 090 ## - LOCALLY ASSIGNED LC-TYPE CALL NUMBER (OCLC); LOCAL CALL NUMBER (RLIN) | |
| Classification number (OCLC) (R) ; Classification number, CALL (RLIN) (NR) | 354.595 |
| Local cutter number (OCLC) ; Book number/undivided call number, CALL (RLIN) | KEA |
| 110 1# - MAIN ENTRY--CORPORATE NAME | |
| Corporate name or jurisdiction name as entry element | Malaysia. |
| Subordinate unit | Unit Pemodenan Tadbiran Malaysia. |
| -- | Panel Memajukan Pentadbiran Awam |
| 9 (RLIN) | 4254 |
| 245 1# - TITLE STATEMENT | |
| Title | Ke arah mewujudkan perkhidmatan awam yang cemerlang : |
| Remainder of title | laporan kemajuan Panel Memajukan Pentadbiran Awam |
| 260 ## - PUBLICATION, DISTRIBUTION, ETC. | |
| Place of publication, distribution, etc. | Kuala Lumpur : |
| Name of publisher, distributor, etc. | Unit Pemodenan Tadbiran Malaysia (MAMPU), |
| Date of publication, distribution, etc. | 1989 |
| 300 ## - PHYSICAL DESCRIPTION | |
| Extent | xi, [142]ms. : |
| Other physical details | ill. ; |
| Dimensions | 31cm |
| 521 ## - TARGET AUDIENCE NOTE | |
| Target audience note | Peringkat pembaca: Dewasa |
| 650 ## - SUBJECT ADDED ENTRY--TOPICAL TERM | |
| Topical term or geographic name entry element | Public administration |
| Geographic subdivision | Malaysia |
| 9 (RLIN) | 419 |
| 650 ## - SUBJECT ADDED ENTRY--TOPICAL TERM | |
| Topical term or geographic name entry element | Civil service |
| Geographic subdivision | Malaysia |
| 9 (RLIN) | 420 |
| 942 ## - ADDED ENTRY ELEMENTS (KOHA) | |
| Source of classification or shelving scheme | |
| Koha item type | Book |
| Withdrawn status | Lost status | Source of classification or shelving scheme | Damaged status | Not for loan | Collection code | Home library | Current library | Shelving location | Date acquired | Inventory number | Total Checkouts | Full call number | Barcode | Date last seen | Price effective from | Koha item type |
|---|---|---|---|---|---|---|---|---|---|---|---|---|---|---|---|---|
| NON-FICTION | AKMAL Melaka | AKMAL Melaka | PINJAMAN | 15.05.2017 | 002883 | 354.595 KEA | 201706330 | 15.05.2017 | 15.05.2017 | Book | ||||||
| NON-FICTION | AKMAL Melaka | AKMAL Melaka | PINJAMAN | 15.05.2017 | 002760 | 354.595 KEA | 201706331 | 15.05.2017 | 15.05.2017 | Book |
